000 00726cam a22002533a 4500
001 32271
003 PGUSA
005 20140828083711.0
008 100506s2010||||xxu|||||s|||||000 1 eng d
040 _aPGUSA
_beng
042 _adc
050 4 _aPT
100 1 _aDahn, Felix,
_d1834-1912
245 1 2 _aA Struggle for Rome, v. 1
_h[electronic resource] /
_cFelix Dahn
260 _bProject Gutenberg,
_c2010
506 _aPublic domain in the USA.
516 _aElectronic text
653 _aRome -- History -- Empire, 284-476 -- Fiction
653 _aByzantine Empire -- Fiction
700 1 _aWolffsohn, Lily
830 0 _aProject Gutenberg
_v32271
856 4 0 _uhttp://www.gutenberg.org/ebooks/32271
942 _cEB
999 _c261526
_d261526